| 000 | 01161nam0a22002651 4500 | ||
|---|---|---|---|
| 001 | rc\4438154 | ||
| 005 | 20260407150413.0 | ||
| 021 |
_aRU _b[67-80617] |
||
| 035 | _a(NLR Aleph) 008579823 | ||
| 090 |
_a8577949 _c8577949 |
||
| 100 | _a20130416d1967 |||y0rusy50 ca | ||
| 101 | 0 | _arus | |
| 102 | _aRU | ||
| 105 | _ay ac ||||| | ||
| 200 | 1 |
_aИзобретательское и патентное право в СССР и за рубежом _e(Библиогр. указатель). [1963-1966 гг.] _fЛатв. респ. ин-т науч.-техн. информации и пропаганды |
|
| 210 |
_aРига _cБ. и. _d1967 |
||
| 215 |
_a15 с. _d21 |
||
| 606 |
_aПатентное право _jБиблиография _2psbo |
||
| 606 |
_aИзобретательское право _jБиблиография _2psbo |
||
| 712 | 0 | 2 |
_aЛатвийский республиканский институт научно-технической информации и пропаганды _cРига _9547961 _3RU\NLR\AUTH\8810024866 |
| 801 | 0 |
_aRU _bNLR _gpsbo |
|
| 801 | 1 |
_aRU _bELAR _2rusmarc |
|
| 852 |
_aNLR _jС687-410/И-38 |
||
| 942 | _cBOOK | ||
| 980 | _aNB | ||